书目信息 |
| 题名: |
言语康复与沟通训练
|
|
| 作者: | 王曙光 主编 | |
| 分册: | 我的学校 | |
| 出版信息: | 重庆 西南师范大学出版社 2017.09 |
|
| 页数: | 185页 | |
| 开本: | 24cm | |
| 丛书名: | ||
| 单 册: | ||
| 中图分类: | G762.2 | |
| 科图分类: | ||
| 主题词: | 语言障碍--儿童--教育康复 | |
| 电子资源: | ||
| ISBN: | 978-7-5621-9013-4 | |
| 000 | 00826nam0 2200241 450 | |
| 001 | 0108153917 | |
| 005 | 20210308154404.0 | |
| 010 | @a978-7-5621-9013-4@dCNY62.00 | |
| 100 | @a20181129d2017 em y0chiy50 ea | |
| 101 | 0 | @achi |
| 102 | @aCN@b500000 | |
| 105 | @aa z 000yy | |
| 106 | @ar | |
| 200 | 1 | @a言语康复与沟通训练@Ayan yu kang fu yu gou tong xun lian@i我的学校@f王曙光主编 |
| 210 | @a重庆@c西南师范大学出版社@d2017.09 | |
| 215 | @a185页@c彩图@d24cm | |
| 300 | @a特殊教育“医教结合”实验教材 | |
| 330 | @a本书围绕学生的校园生活设计教学内容。本册共有四章,第一章为言语基础部分;第二章为丰富的课堂;第三章为校园一角;第四章校园时光。 | |
| 606 | 0 | @a语言障碍@x儿童@x教育康复 |
| 690 | @aG762.2@v5 | |
| 701 | 0 | @a王曙光@Awang shu guang@4主编 |
| 801 | 0 | @aCN@bBJSZM@c20210308 |
| 905 | @b1273211-4@dG762.2@e289@f4 | |
| 言语康复与沟通训练.我的学校/王曙光主编.-重庆:西南师范大学出版社,2017.09 |
| 185页:彩图;24cm |
| 特殊教育“医教结合”实验教材 |
| ISBN 978-7-5621-9013-4:CNY62.00 |
| 本书围绕学生的校园生活设计教学内容。本册共有四章,第一章为言语基础部分;第二章为丰富的课堂;第三章为校园一角;第四章校园时光。 |
| ● |
| 相关链接 |
|
|
|
|
正题名:言语康复与沟通训练
索取号:G762.2/289
 
预约/预借
| 序号 | 登录号 | 条形码 | 馆藏地/架位号 | 状态 | 备注 |
| 1 | 1273211 | 212732113 | 第一样本阅览室/ [索取号:G762.2/289] | 在馆 | |
| 2 | 1273212 | 212732122 | 教育系资料室/ [索取号:G762.2/289] | 在馆 | |
| 3 | 1273213 | 212732131 | 教育系资料室/ [索取号:G762.2/289] | 在馆 | |
| 4 | 1273214 | 212732140 | 第四借阅区/ [索取号:G762.2/289] | 在馆 |